skbl

Dr Suryya Kumar Bhuyan Library Web-OPAC
ডঃ সূৰ্য্য
কুমাৰ ভূঞা পুথিভঁৰাল ৱেব-অ'পেক

All Research Scholars are advised to clear the annual library fees to continue using Library Resources, Remote Access, Plagiarism Test and Library Clearance.

Cotton University Book Fair 2026

Fundamentals of Practical Geography (Record no. 63849)

MARC details
000 -LEADER
fixed length control field 00506nam a2200181Ia 4500
001 - CONTROL NUMBER
control field 62742
008 - FIXED-LENGTH DATA ELEMENTS--GENERAL INFORMATION
fixed length control field 180317n ii |||gr||||Z||||||465
020 ## - INTERNATIONAL STANDARD BOOK NUMBER
International Standard Book Number 81-86204-75-X
082 ## - DEWEY DECIMAL CLASSIFICATION NUMBER
Classification number 910
100 ## - MAIN ENTRY--PERSONAL NAME
Personal name Singh, Lekh Raj,
Relator term Author.
245 #0 - TITLE STATEMENT
Title Fundamentals of Practical Geography
Statement of responsibility, etc. Dr.Lekh Raj Singh
Medium Textual Documents
250 ## - EDITION STATEMENT
Edition statement Ist ed - 2006.
260 ## - PUBLICATION, DISTRIBUTION, ETC.
Place of publication, distribution, etc. Allahabad:
Name of publisher, distributor, etc. Sharda Pustak Bhawan.
300 ## - PHYSICAL DESCRIPTION
Extent 320p:
Dimensions 23cm.
653 ## - INDEX TERM--UNCONTROLLED
Uncontrolled term Practical Geography
653 ## - INDEX TERM--UNCONTROLLED
Uncontrolled term G - Geography
942 ## - ADDED ENTRY ELEMENTS (KOHA)
Source of classification or shelving scheme Dewey Decimal Classification
Koha item type Books
Holdings
Withdrawn status Lost status Damaged status Not for loan Collection Home library Current library Shelving location Date acquired Coded location qualifier Cost, normal purchase price Total checkouts Full call number Barcode Date last seen Date last checked out Copy number Price effective from Koha item type
          Dr. Suryya Kumar Bhuyan Library Dr. Suryya Kumar Bhuyan Library   17/03/2018 00000 250.00 1 910 Si61Fu 80808 07/01/2025 27/12/2024 1 17/03/2018 Books

Designed and Maintained by Team SKBL
©1901-2026

Powered by Koha